=LDR 00000nam 2200000 4500 =001 INLIS000000000001124 =005 20200916084020 =035 ##$$a 0010-061300000001124 =008 200916################g##########0#ind## =041 ##$$a Ind =082 ##$$a 305.895 =090 ##$$a 305.895, Suk =245 ##$$a Suku asli dan pembangunan di Asia Tenggara, /$c Penyunting Lim Teek Ghee; penerjemah Parsudi Suparlan =260 ##$$a Jakarta :$b Obor Indonesia,$c 1993 =300 ##$$a xv, 242 hlm, : $b ilus ; $c 14 x 21 cm =650 #4$$a Sukuisme =650 #4$$a Asia Tenggara =700 #$$a Lim Teek Ghee =850 ##$$a NBPNMAT =020 ##$$a 979-461-144-1 =084 ##$$a 305.895 SUK =250 ##$$a ed.1 =990 ##$$a 76.214/94 =990 ##$$a 00093397 =990 ##$$a 00042087